Normal view
MARC view
- PERSONALITY.SUCCESS IN LIFE
Entry Topical Term
001 - CONTROL NUMBER
- control field: 68265
003 - CONTROL NUMBER IDENTIFIER
- control field: NUST
005 - DATE AND TIME OF LATEST TRANSACTION
- control field: 20210628204020.0
008 - FIXED-LENGTH DATA ELEMENTS
- fixed length control field: 210628|| aca||aabn | a|a d
040 ## - CATALOGING SOURCE
- Original cataloging agency: NUST
- Transcribing agency: NUST
150 ## - HEADING--TOPICAL TERM
- Topical term or geographic name entry element: PERSONALITY.SUCCESS IN LIFE
670 ## - SOURCE DATA FOUND
- Source citation: Work cat.: (NUST): Watley, Danis , Tahir Asad, Raja 68264, Khawboon sa haqeeqat tak , kamyabi ka raaz, 2012
